Geschichten im Struwwelpeter - Statistiken

Allgemein
  • Dieses Quiz wurde 112 mal gespielt
  • Das Durchschnittsergebnis liegt bei 5 aus 10
Antwortstatistiken
Antwort % Korrekt
Die Geschichte vom Suppen-Kaspar
85%
Struwwelpeter
73%
Die Geschichte vom Hans Guck-in-die-Luft
68%
Die Geschichte vom Daumenlutscher
60%
Die Geschichte vom Zappel-Philipp
49%
Die Geschichte vom fliegenden Robert
39%
Die gar traurige Geschichte mit dem Feuerzeug
33%
Die Geschichte vom bösen Friederich
27%
Die Geschichte vom wilden Jäger
27%
Die Geschichte von den schwarzen Buben
22%
Keine übereinstimmenden Quizze gefunden
Verteilung der Resultate
Anzahl Personen mit jedem Resultat
Perzentil nach korrekt beantworteten Fragen
Ihre Resultats-Entwicklung
Sie haben dieses Quiz noch nicht gespielt